[Event "Provence-ch 0506"]
[Site "Provence"]
[Date "2006.05.13"]
[Round "8"]
[White "Busson, Benoist"]
[Black "Zejneli, Skender"]
[Result "1/2-1/2"]
[WhiteElo "2089"]
[BlackElo "2070"]
[PlyCount "55"]
[EventDate "2005.11.05"]
[EventType "tourn"]
[EventRounds "9"]
[EventCountry "FRA"]
[SourceTitle "EXT 2007"]
[Source "ChessBase"]
[SourceDate "2006.11.23"]
[SourceVersion "1"]
[SourceVersionDate "2006.11.23"]
[SourceQuality "1"]

1. d4 d5 2. e4 e6 3. Nc3 Nf6 4. e5 Nfd7 5. Qh5 a6 6. Bg5 Be7 7. h4 c5 8. Nf3 cxd4 9. Nxd4 g6 10. Bxe7 Qxe7 11. Qh6 Nc6 12. Nxc6 bxc6 13. Qg7 Qf8 14. Qxf8+ Kxf8 15. f4 Bb7 16. Be2 Ke7 17. 0-0 c5 18. Bf3 Rab8 19. b3 h5 20. Na4 Rhd8 21. Rfd1 a5 22. Nc3 Bc6 23. a4 Rb6 24. Be2 Nb8 25. Nb5 Na6 26. Nd6 Nc7 27. Kf2 f5 28. g3 1/2-1/2

[Event "Bouches du Rhone-ch 0203"]
[Site "Provence"]
[Date "2003.03.29"]
[Round "9"]
[White "Zejneli, Skender"]
[Black "Girard, Jean Pierre"]
[Result "1/2-1/2"]
[WhiteElo "2020"]
[BlackElo "2020"]
[PlyCount "118"]
[EventDate "2002.10.??"]
[EventType "swiss"]
[EventRounds "9"]
[EventCountry "FRA"]
[SourceTitle "EXT 2005"]
[Source "ChessBase"]
[SourceDate "2004.11.15"]
[SourceVersion "1"]
[SourceVersionDate "2004.11.15"]
[SourceQuality "1"]

1. e4 c5 2. Nf3 d6 3. d4 cxd4 4. Nxd4 Nf6 5. Nc3 a6 6. Bc4 e6 7. f3 Nbd7 8. Be3 b5 9. Bb3 Bb7 10. Qd2 Nc5 11. a3 Nxb3 12. Nxb3 Rc8 13. Nd4 d5 14. exd5 Nxd5 15. Nxd5 Bxd5 16. c3 Be7 17. 0-0 0-0 18. Rad1 Qc7 19. Qf2 f5 20. f4 Rf6 21. Rd2 Rg6 22. g3 Ba8 23. Nf3 Qb7 24. Qe2 h5 25. Kf2 a5 26. Rg1 b4 27. axb4 axb4 28. Bd4 h4 29. Ne5 hxg3+ 30. hxg3 Rh6 31. Nf3 Rd8 32. Rdd1 Qc6 33. Rh1 Rxh1 34. Rxh1 Bb7 35. Rh2 Ra8 36. Ne5 Qe8 37. Qf1 Ra2 38. Ke3 Bf6 39. Qh3 Bxe5 40. Qh8+ Kf7 41. Qh5+ Ke7 42. Qxe8+ Kxe8 43. Bxe5 bxc3 44. Bxc3 Ra1 45. Rh7 Rf1 46. Rxg7 Bd5 47. Kd4 Be4 48. Ke5 Bd5 49. Kd6 Rd1 50. Ke5 Bb3 51. Kf6 Kd8 52. Be5 Kc8 53. Rc7+ Kd8 54. Rc3 Bd5 55. b4 Rb1 56. Bd6 Kd7 57. Bc5 Rb3 58. Rxb3 Bxb3 59. Ke5 Kc6 1/2-1/2

[Event "Bouches du Rhone-ch 0203"]
[Site "Provence"]
[Date "2003.03.08"]
[Round "8"]
[White "Hileyan, Michel"]
[Black "Zejneli, Skender"]
[Result "1-0"]
[WhiteElo "2089"]
[BlackElo "2020"]
[PlyCount "95"]
[EventDate "2002.10.??"]
[EventType "swiss"]
[EventRounds "9"]
[EventCountry "FRA"]
[SourceTitle "EXT 2005"]
[Source "ChessBase"]
[SourceDate "2004.11.15"]
[SourceVersion "1"]
[SourceVersionDate "2004.11.15"]
[SourceQuality "1"]

1. Nf3 c5 2. g3 d5 3. Bg2 Nc6 4. d3 Nf6 5. Nbd2 g6 6. e4 dxe4 7. dxe4 Bg7 8. h3 Qc7 9. 0-0 0-0 10. c3 b6 11. Re1 Bb7 12. Nf1 Rad8 13. Qe2 Nh5 14. e5 Bh8 15. Bh6 Bg7 16. Bd2 Bh8 17. N1h2 Bc8 18. Ng4 Bxg4 19. hxg4 Ng7 20. Bh6 Rd5 21. e6 Nxe6 22. Bxf8 Kxf8 23. Rad1 Rxd1 24. Rxd1 Ne5 25. Nxe5 Bxe5 26. Qf3 Kg7 27. Qb7 Bd6 28. Qxc7 Nxc7 29. Kf1 b5 30. Ke2 c4 31. Ke3 f6 32. Bd5 Bc5+ 33. Ke2 h6 34. a4 a6 35. axb5 axb5 36. Bc6 Kf7 37. Rh1 Ke6 38. Rxh6 Kd6 39. Bb7 g5 40. f4 Ne6 41. Bc8 b4 42. Bxe6 Kxe6 43. fxg5 bxc3 44. bxc3 Bd6 45. gxf6 exf6 46. g5 Be5 47. Rxf6+ Bxf6 48. gxf6 1-0

[Event "Majeur-chT 0001"]
[Site "France"]
[Date "2001.??.??"]
[Round "9"]
[White "Busson, Benoist"]
[Black "Zejneli, Skender"]
[Result "1/2-1/2"]
[WhiteElo "2000"]
[BlackElo "2070"]
[PlyCount "65"]
[EventDate "2000.??.??"]
[EventType "team"]
[EventRounds "9"]
[EventCountry "FRA"]
[SourceTitle "EXT 2005"]
[Source "ChessBase"]
[SourceDate "2004.11.15"]
[SourceVersion "1"]
[SourceVersionDate "2004.11.15"]
[SourceQuality "1"]

1. d4 d5 2. Nc3 e6 3. e4 Nf6 4. Bg5 Be7 5. e5 Nfd7 6. h4 a6 7. Qg4 f5 8. Qg3 c5 9. Nf3 Nc6 10. Be3 0-0 11. Bh6 Rf7 12. Nxd5 cxd4 13. 0-0-0 Qa5 14. Nxe7+ Rxe7 15. Bg5 Rf7 16. Bc4 Ndxe5 17. Nxe5 Qxe5 18. Bf4 Qc5 19. Bb3 Bd7 20. Bd6 Qa7 21. Rhe1 Re8 22. Re2 Na5 23. Qe5 Nxb3+ 24. axb3 Bb5 25. Ree1 d3 26. c4 Bc6 27. Bc5 Qb8 28. Qxb8 Rxb8 29. Rxd3 Bxg2 30. f3 Rf6 31. Rg1 Rc8 32. Bd4 Rg6 33. h5 1/2-1/2

[Event "Majeur-chT 0001"]
[Site "France"]
[Date "2000.??.??"]
[Round "2"]
[White "Zejneli, Skender"]
[Black "Stoven, Gilles Noel"]
[Result "0-1"]
[WhiteElo "2070"]
[BlackElo "2040"]
[PlyCount "60"]
[EventDate "2000.??.??"]
[EventType "team"]
[EventRounds "9"]
[EventCountry "FRA"]
[SourceTitle "EXT 2005"]
[Source "ChessBase"]
[SourceDate "2004.11.15"]
[SourceVersion "1"]
[SourceVersionDate "2004.11.15"]
[SourceQuality "1"]

1. e4 c5 2. Nf3 d6 3. d4 cxd4 4. Nxd4 Nf6 5. Nc3 a6 6. Bc4 e6 7. f3 Nc6 8. Be3 Qc7 9. Bb3 Be7 10. Qd2 Ne5 11. 0-0-0 Nc4 12. Bxc4 Qxc4 13. h4 b5 14. b3 Qc7 15. Kb2 Bd7 16. g4 0-0 17. g5 Nh5 18. Rhg1 Rfc8 19. f4 g6 20. f5 b4 21. Nce2 e5 22. fxg6 hxg6 23. Qxb4 exd4 24. Nxd4 a5 25. Qe1 a4 26. c4 Qb7 27. e5 axb3 28. axb3 dxe5 29. Nb5 Bxb5 30. cxb5 Ba3+ 0-1

[Event "Provence-ch prom Vitrolles 9798"]
[Site "France"]
[Date "1998.??.??"]
[Round "4"]
[White "Zejneli, Skender"]
[Black "Zazzi, Clement"]
[Result "1-0"]
[WhiteElo "1830"]
[BlackElo "1820"]
[PlyCount "51"]
[EventDate "1997.??.??"]
[EventType "tourn"]
[EventRounds "9"]
[EventCountry "FRA"]
[SourceTitle "EXT 2005"]
[Source "ChessBase"]
[SourceDate "2004.11.15"]
[SourceVersion "1"]
[SourceVersionDate "2004.11.15"]
[SourceQuality "1"]

1. e4 e5 2. Nf3 Nc6 3. Bc4 Be7 4. c3 Nf6 5. Qe2 0-0 6. d4 exd4 7. e5 Ne8 8. cxd4 d6 9. 0-0 dxe5 10. dxe5 Bg4 11. Rd1 Bxf3 12. gxf3 Nd4 13. Qe4 c5 14. Qxb7 Rb8 15. Qe4 Qb6 16. f4 Rd8 17. Nc3 Nc7 18. f5 Kh8 19. b3 a6 20. Rd3 f6 21. e6 Ndb5 22. Ne2 Nd6 23. Qg4 Nxc4 24. Rg3 Rg8 25. bxc4 Qc6 26. Nf4 1-0